A retreat with Francis and Clare of Assisi : (Record no. 118732)
[ view plain ]
| 000 -LEADER | |
|---|---|
| fixed length control field | 01127cam a2200301 a 4500 |
| 001 - CONTROL NUMBER | |
| control field | 1172287 |
| 003 - CONTROL NUMBER IDENTIFIER | |
| control field | ARRUPE |
| 005 - DATE AND TIME OF LATEST TRANSACTION | |
| control field | 20131126165744.0 |
| 008 - FIXED-LENGTH DATA ELEMENTS--GENERAL INFORMATION | |
| fixed length control field | 960802s1996 ohu b 000 0 eng |
| 010 ## - LIBRARY OF CONGRESS CONTROL NUMBER | |
| LC control number | 96176225 |
| 020 ## - INTERNATIONAL STANDARD BOOK NUMBER | |
| International Standard Book Number | 0867162384 |
| 040 ## - CATALOGING SOURCE | |
| Original cataloging agency | DLC |
| Transcribing agency | DLC |
| Modifying agency | WaU |
| 050 00 - LIBRARY OF CONGRESS CALL NUMBER | |
| Classification number | BX4700 |
| Item number | .F6B61 |
| 300 ## - PHYSICAL DESCRIPTION | |
| Dimensions | 22 cm. |
| 100 1# - MAIN ENTRY--PERSONAL NAME | |
| Personal name | Bodo, Murray. |
| 9 (RLIN) | 4027 |
| 245 12 - TITLE STATEMENT | |
| Title | A retreat with Francis and Clare of Assisi : |
| Remainder of title | following our pilgrim hearts / |
| Statement of responsibility, etc | Murray Bodo and Susan Saint Sing. |
| 246 14 - VARYING FORM OF TITLE | |
| Title proper/short title | Retreat with Francis & Clare of Assisi |
| 260 ## - PUBLICATION, DISTRIBUTION, ETC. (IMPRINT) | |
| Place of publication, distribution, etc | Cincinnati, Ohio : |
| Name of publisher, distributor, etc | St. Anthony Messenger Press, |
| Date of publication, distribution, etc | [c1996] |
| 300 ## - PHYSICAL DESCRIPTION | |
| Extent | ix, 93 p. ; |
| 440 #2 - SERIES STATEMENT/ADDED ENTRY--TITLE | |
| Title | A retreat with-- series |
| 9 (RLIN) | 4028 |
| 504 ## - BIBLIOGRAPHY, ETC. NOTE | |
| Bibliography, etc | Includes bibliographical references (p. 91-93). |
| 600 00 - SUBJECT ADDED ENTRY--PERSONAL NAME | |
| Personal name | Francis, |
| Titles and other words associated with a name | of Assisi, Saint, |
| Dates associated with a name | 1182-1226. |
| 9 (RLIN) | 4029 |
| 600 00 - SUBJECT ADDED ENTRY--PERSONAL NAME | |
| Personal name | Clare, |
| Titles and other words associated with a name | of Assisi, Saint, |
| Dates associated with a name | 1194-1253. |
| 9 (RLIN) | 4030 |
| 650 #0 - SUBJECT ADDED ENTRY--TOPICAL TERM | |
| Topical term or geographic name as entry element | Spiritual retreats |
| General subdivision | Catholic Church. |
| 9 (RLIN) | 4031 |
| 700 2# - ADDED ENTRY--PERSONAL NAME | |
| Personal name | Saint Sing, Susan. |
| 9 (RLIN) | 4032 |
| 906 ## - LOCAL DATA ELEMENT F, LDF (RLIN) | |
| a | 7 |
| b | cbc |
| c | orignew |
| d | 2 |
| e | ncip |
| f | 19 |
| g | y-gencatlg |
| 942 ## - ADDED ENTRY ELEMENTS (KOHA) | |
| Source of classification or shelving scheme | Library of Congress Classification |
| Koha item type | Monograph ( Printed materials) |
| Withdrawn status | Lost status | Source of classification or shelving scheme | Damaged status | Not for loan | Collection code | Home library | Current library | Shelving location | Date acquired | Total Checkouts | Full call number | Barcode | Date last seen | Price effective from | Koha item type |
|---|---|---|---|---|---|---|---|---|---|---|---|---|---|---|---|
| Library of Congress Classification | Main Collection | ARRUPE LIBRARY | ARRUPE LIBRARY | Main Collection | 26/11/2013 | BX4700 .F6B61 | 46410436 | 22/11/2017 | 26/11/2013 | Monograph ( Printed materials) |